000 00817nam a2200253Ia 4500
003 OSt
005 20220923212307.0
006 a|||||r|||| 00| 0
007 ta
008 220922b |||||||| |||| 00| 0 hin d
024 _a152,056
037 _cTextual
040 _aARTS
_cARTS
_bhin
041 _2hin
_ahin
082 _aO111,1NKUx, 152N3
100 _aकुमार, शिव के0
_9162358
245 0 _aदेह के दो मौसम
246 _aDeh ke do mausama
260 _aनई दिल्ली
_b साहित्य अकादेमी
_c1993
300 _a107 पृ.
_ccm.
650 _aअंग्रेजी साहित्य
_9156276
942 _hO111,1NKUx, 152N3
_cTEXL
_2CC
999 _c307728
_d307728